Normal view MARC view

Entry Personal Name

Number of records used in: 2

001 - CONTROL NUMBER

  • control field: 85312

003 - CONTROL NUMBER IDENTIFIER

  • control field: dpl

005 - DATE AND TIME OF LATEST TRANSACTION

  • control field: 20250930123525.0

008 - FIXED-LENGTH DATA ELEMENTS

  • fixed length control field: 250930|| aca||aabn | a|a d

040 ## - CATALOGING SOURCE

  • Original cataloging agency: dpl
  • Transcribing agency: dpl

100 ## - HEADING--PERSONAL NAME

  • Personal name: बख्शीश सिंह

670 ## - SOURCE DATA FOUND

  • Source citation: Work cat.: (dpl)212970: बख्शीश सिंह, सिक्खों का इतिहास भाग-3 , 2021

© Delhi Public Library
Hit Counter
free hit counter